LIBRARY & INFORMATION CENTRE, KCAET, TAVANUR

ONLINE PUBLIC ACCESS CATALOGUE (OPAC)

The Hand on Guide to Analytical Reasoning and Logical Reasoning (Record no. 14594)

MARC details
000 -LEADER
fixed length control field 00344nam a22001217a 4500
020 ## - INTERNATIONAL STANDARD BOOK NUMBER
ISBN 9789350942482
082 ## - DEWEY DECIMAL CLASSIFICATION NUMBER
Classification number 153.43
Item number BHA/AN
100 ## - MAIN ENTRY--AUTHOR NAME
Personal name Bhardwaj,Peeyush
245 ## - TITLE STATEMENT
Title The Hand on Guide to Analytical Reasoning and Logical Reasoning
260 ## - PUBLICATION, DISTRIBUTION, ETC. (IMPRINT)
Place of publication New Delhi
Name of publisher Arihant Publications (India) Limited
Year of publication 2014
300 ## - PHYSICAL DESCRIPTION
Number of Pages 475
942 ## - ADDED ENTRY ELEMENTS (KOHA)
Koha item type Books
Holdings
Withdrawn status Lost status Damaged status Collection code Home library Current library Shelving location Date acquired Source of acquisition Cost, normal purchase price Full call number Accession Number Koha item type
        KAUAET KAUAET General Stacks 19/07/2016 Aman Book Stall, Calicut. 295.00 153.43. BHA/AN 25008 Books
free website counter